000 00688nam a2200181 i 4500
001 90079
003 ES-MaACL
005 20250910063110.0
007 t|
008 050118s1907 sp ||||1| spa d
100 1 _aLazúrtegui, Julio de,
_d1859-1943
_970825
245 1 0 _aCertamen del trabajo organizado por el Excmo. Ayuntamiento de Bilbao
_b: discurso leído en el acto de la clausura verificado el 8 de septiembre de 1907 /
_cpor Julio de Lazúrtegui.
260 _aBilbao :
_b[s.n.],
_c1907 (
_fImp. de la Casa de Misericordia)
300 _a61 p. ;
_c24 cm.
500 _aTema: Presente y porvenir de Vizcaya.
852 _aES-MaACL
_jT-492-F-5
999 _c90079
_d90079